000 00334 a2200157 4500
001 61605
020 _a9788516054229
040 _cAnchieta - Pituba
100 _aPrescher, Elisabeth
240 1 0 _aFun way,3
_lIng
245 1 0 _aFun way,3
300 _a141/30
362 0 _a2007
650 4 _aInglês e inglês antigo
942 _cBK
999 _c61605
_d61605